Niektoré súvislosti s vývojom pracovných síl v SR Príloha Hospodárskych novín

Z publikácie Štatistického úradu SR o vývoji pracovných síl v SR za prvý štvrťrok 1997. Tri základné okruhy: Ekonomicky aktívne obyvateľstvo. Zamestnanosť. Nezamestnanosť.

Gespeichert in:
Bibliographische Detailangaben
Format: Buchkapitel
Sprache:Slowakisch
Schlagworte:
Tags: Tag hinzufügen
Keine Tags, Fügen Sie das erste Tag hinzu!

MARC

LEADER 00000naa a2200000 4500
001 r026721
005 20230824090123.7
041 0 |a slo 
044 |a SK 
245 1 0 |a Niektoré súvislosti s vývojom pracovných síl v SR  |b Príloha Hospodárskych novín 
520 |a Z publikácie Štatistického úradu SR o vývoji pracovných síl v SR za prvý štvrťrok 1997. Tri základné okruhy: Ekonomicky aktívne obyvateľstvo. Zamestnanosť. Nezamestnanosť. 
610 2 0 |a Slovensko 
610 2 0 |a január-marec 
610 2 0 |a 1997 
610 2 0 |a sily pracovné 
610 2 0 |a ŠÚ SR Bratislava 
610 2 0 |a zamestnanosť 
610 2 0 |a nezamestnanosť 
610 2 0 |a obyvateľstvo aktívne